Camillo Sitte y el nacimiento del urbanismo moderno / (Record no. 45835)

MARC details
000 -LEADER
campo de control de longitud fija 01327nam a2200349 i 4500
001 - NÚMERO DE CONTROL
campo de control 45835
003 - IDENTIFICADOR DE NÚMERO DE CONTROL
campo de control ES-MaACL
005 - FECHA Y HORA DE LA ÚLTIMA TRANSACCIÓN
campo de control 20251211162635.0
007 - CAMPO FIJO DE DESCRIPCIÓN FÍSICA--INFORMACIÓN GENERAL
campo de control de longitud fija t|
008 - DATOS DE LONGITUD FIJA--INFORMACIÓN GENERAL
campo de control de longitud fija 030327s1980 sp ae |||| | spa d
020 ## - NÚMERO INTERNACIONAL ESTÁNDAR DEL LIBRO
Número Internacional Estándar del Libro 84-252-0983-8
100 1# - ENTRADA PRINCIPAL--NOMBRE DE PERSONA
Nombre de persona Collins, George R.
9 (RLIN) 39732
245 10 - MENCIÓN DEL TÍTULO
Título Camillo Sitte y el nacimiento del urbanismo moderno /
Mención de responsabilidad, etc. George R. Collins y Christiane C. Collins ; [versión castellana de Rosa Barba] .
Resto del título Construcción de ciudades según principios artísticos / Camillo Sitte ; [versión castellana de Emilio Canosa].
246 3# - FORMA VARIANTE DEL TITULO
Título propio/Titulo breve Construcción de ciudades según principios artísticos
260 ## - PUBLICACIÓN, DISTRIBUCIÓN, ETC.
Lugar de publicación, distribución, etc. Barcelona :
Nombre del editor, distribuidor, etc. Gustavo Gili,
Fecha de publicación, distribución, etc. [1980]
300 ## - DESCRIPCIÓN FÍSICA
Extensión 462 p. :
Otras características físicas il. planos ;
Dimensiones 25 cm.
490 1# - MENCIÓN DE SERIE
Mención de serie Biblioteca de arquitectura
500 ## - NOTA GENERAL
Nota general Índice.
504 ## - NOTA DE BIBLIOGRAFÍA, ETC.
Nota de bibliografía, etc. Bibliografía: p. 429-451.
534 ## - NOTA SOBRE LA VERSIÓN ORIGINAL
Frase introductoria La segunda obra, reprod. facs. de la ed. de:
Publicación, distribución, etc. del original Barcelona : Canosa, 1926.
600 14 - PUNTO DE ACCESO ADICIONAL DE MATERIA--NOMBRE DE PERSONA
Nombre de persona Sitte, Camillo.
9 (RLIN) 164299
650 #4 - PUNTO DE ACCESO ADICIONAL DE MATERIA--TÉRMINO DE MATERIA
Término de materia o nombre geográfico como elemento de entrada Urbanismo-
Subdivisión cronológica S.XX.
9 (RLIN) 17711
655 #7 - TERMINO DE INDIZACIÓN--GENERO/FORMA
Fuente del término tgfbne
9 (RLIN) 226495
Datos o término principal de género/forma Facsímiles
700 1# - ENTRADA AGREGADA--NOMBRE PERSONAL
Nombre de persona Collins, Christiane C.
9 (RLIN) 39730
700 1# - ENTRADA AGREGADA--NOMBRE PERSONAL
Nombre de persona Barba, Rosa.
9 (RLIN) 25361
700 0# - ENTRADA AGREGADA--NOMBRE PERSONAL
Nombre de persona Canosa, Emilio
9 (RLIN) 34587
700 1# - ENTRADA AGREGADA--NOMBRE PERSONAL
Nombre de persona Sitte, Camillo.
9 (RLIN) 164299
830 1# - PUNTO DE ACCESO ADICIONAL DE SERIE-TÍTULO UNIFORME
Título uniforme Biblioteca de arquitectura
9 (RLIN) 182009
852 4# - LOCALIZACIÓN
Ubicación ES-MaACL
Número de control de estantería L-9214
942 ## - ELEMENTOS DE ENTRADA SECUNDARIOS (KOHA)
Fuente del sistema de clasificación o colocación Clasificación decimal universal
Holdings
Estatus retirado Estado de pérdida Estado de daño No para préstamo Biblioteca de origen Biblioteca actual Ubicación en estantería Fecha de adquisición Fuente de adquisición Total de préstamos Signatura topográfica completa Código de barras Visto por última vez Precio de reemplazo Tipo de ítem Koha
        Biblioteca del Ateneo de Madrid Biblioteca del Ateneo de Madrid Depósito 2 17/01/2008     L-9214 1048219 23/02/2023 23/02/2023 Libro impreso